Stress management : for the emergency care provider

Bibliographic Details
Main Author: Mikolaj, Alan A. , 1961-
Format: Book
Published: Upper Saddle River, N.J. : Pearson/Prentice Hall , c2005.
Subjects:

MARC

LEADER 00000cam a2200000 7i4500
001 0000003315
005 20050823.0
020 0 0 |a 0130096865 
090 0 0 |a 362.18019   |b MIK 
100 1 0 |a Mikolaj, Alan A. ,   |d 1961- 
245 1 0 |a Stress management :   |b for the emergency care provider   |c Alan A. Mikolaj. 
260 0 0 |a Upper Saddle River, N.J. :   |b Pearson/Prentice Hall ,   |c c2005. 
300 |a xi, 100 p. ;   |c 23 cm. 
650 0 0 |a Emergency medical personnel   |x Job stress. 
650 0 0 |a Stress management 
999 |a 0000006261   |b Monograph   |c Open Shelf   |e Default branch